<?xml version="1.0" encoding="UTF-8"?>
<collection xmlns="http://www.loc.gov/MARC21/slim">
 <record>
  <leader>00803nam a22002295a 4500</leader>
  <controlfield tag="001">EHU.bham040384</controlfield>
  <controlfield tag="003">AR-BHAM</controlfield>
  <controlfield tag="005">20100531152142.0</controlfield>
  <controlfield tag="008">130507s2010##################000#0#####d</controlfield>
  <datafield tag="020" ind1=" " ind2=" ">
   <subfield code="a">9789871724017</subfield>
  </datafield>
  <datafield tag="082" ind1="A" ind2="8">
   <subfield code="a">863.4</subfield>
  </datafield>
  <datafield tag="100" ind1="1" ind2=" ">
   <subfield code="a">Payró, Roberto J.</subfield>
  </datafield>
  <datafield tag="245" ind1="1" ind2="0">
   <subfield code="a">Pago chico /</subfield>
   <subfield code="b">estudio preliminar de sergio pastormerlo</subfield>
   <subfield code="c">Roberto J. Payró  :</subfield>
  </datafield>
  <datafield tag="260" ind1=" " ind2=" ">
   <subfield code="a">Bahía Blanca :</subfield>
   <subfield code="b">17 grises,</subfield>
   <subfield code="c">2010</subfield>
  </datafield>
  <datafield tag="300" ind1=" " ind2=" ">
   <subfield code="a">212 p.</subfield>
  </datafield>
  <datafield tag="490" ind1="0" ind2=" ">
   <subfield code="a">Literal / Imaginaria / dir. por Maximiliano Crespi</subfield>
  </datafield>
  <datafield tag="500" ind1=" " ind2=" ">
   <subfield code="a">Bahía piensa. Bahía es Bicentenario. Gobierno de la Ciudad de Bahía Blanca, 2010.</subfield>
  </datafield>
  <datafield tag="653" ind1=" " ind2=" ">
   <subfield code="a">Literatura argentina</subfield>
  </datafield>
  <datafield tag="653" ind1=" " ind2=" ">
   <subfield code="a">Cuento argentino</subfield>
  </datafield>
  <datafield tag="700" ind1="1" ind2=" ">
   <subfield code="a">Pastormerlo, Sergio</subfield>
  </datafield>
  <datafield tag="700" ind1="1" ind2=" ">
   <subfield code="a">Crespi, Maximiliano</subfield>
  </datafield>
  <datafield tag="859" ind1=" " ind2=" ">
   <subfield code="a">AR-BHAM</subfield>
   <subfield code="b">BIB. HUMANIDADES - General</subfield>
   <subfield code="h">A863.4</subfield>
   <subfield code="i">P295-5</subfield>
   <subfield code="k">A</subfield>
   <subfield code="p">162.10</subfield>
   <subfield code="t">Ej.1</subfield>
  </datafield>
 </record>
</collection>
